Robinson Crusoe : (Record no. 2013)
[ view plain ]
| 000 -LEADER | |
|---|---|
| fixed length control field | 00938cam a2200253 4500 |
| 001 - CONTROL NUMBER | |
| control field | 2527 |
| 005 - DATE AND TIME OF LATEST TRANSACTION | |
| control field | 20181127165241.0 |
| 008 - FIXED-LENGTH DATA ELEMENTS--GENERAL INFORMATION | |
| fixed length control field | 930128s1994 nyua b 000 1 eng |
| 010 ## - LIBRARY OF CONGRESS CONTROL NUMBER | |
| LC control number | 93012217 |
| 020 ## - INTERNATIONAL STANDARD BOOK NUMBER | |
| International Standard Book Number | 0393964523 |
| 100 1# - MAIN ENTRY--PERSONAL NAME | |
| Personal name | Defoe, Daniel, |
| Dates associated with a name | 1661?-1731. |
| 245 10 - TITLE STATEMENT | |
| Title | Robinson Crusoe : |
| Remainder of title | an authoritative text, contexts, criticism / |
| Statement of responsibility, etc. | Daniel Defoe ; edited by Michael Shinagel. |
| 250 ## - EDITION STATEMENT | |
| Edition statement | 2nd ed. |
| 260 ## - PUBLICATION, DISTRIBUTION, ETC. | |
| Place of publication, distribution, etc. | New York : |
| Name of publisher, distributor, etc. | Norton, |
| Date of publication, distribution, etc. | 1994. |
| 300 ## - PHYSICAL DESCRIPTION | |
| Extent | viii, 436 p. : |
| Other physical details | ill. ; |
| Dimensions | 22 cm. |
| 490 0# - SERIES STATEMENT | |
| Series statement | A Norton critical edition |
| 504 ## - BIBLIOGRAPHY, ETC. NOTE | |
| Bibliography, etc. note | Includes bibliographical references (p. 435-436) |
| 600 10 - SUBJECT ADDED ENTRY--PERSONAL NAME | |
| Personal name | Defoe, Daniel, |
| Dates associated with a name | 1661?-1731. |
| Title of a work | Robinson Crusoe. |
| 650 #0 - SUBJECT ADDED ENTRY--TOPICAL TERM | |
| Topical term or geographic name entry element | Crusoe, Robinson (Fictitious character) |
| Form subdivision | Fiction. |
| Topical term or geographic name entry element | Shipwreck survival |
| Form subdivision | Fiction. |
| 655 #7 - INDEX TERM--GENRE/FORM | |
| Genre/form data or focus term | Adventure fiction. |
| Source of term | gsafd |
| 700 1# - ADDED ENTRY--PERSONAL NAME | |
| Personal name | Shinagel, Michael. |
| 856 ## - ELECTRONIC LOCATION AND ACCESS | |
| Host name | |
| Uniform Resource Identifier | <a href="http://www2.hn.psu.edu/faculty/jmanis/defoe/crusoe.pdf">http://www2.hn.psu.edu/faculty/jmanis/defoe/crusoe.pdf</a> |
| Link text | Robinson Crusoe |
| Public note | |
| Materials specified | |
| Withdrawn status | Lost status | Source of classification or shelving scheme | Damaged status | Not for loan | Collection code | Home library | Current library | Shelving location | Date acquired | Serial Enumeration / chronology | Inventory number | Total Checkouts | Total Renewals | Full call number | Barcode | Date last seen | Date last checked out | Price effective from | Koha item type |
|---|---|---|---|---|---|---|---|---|---|---|---|---|---|---|---|---|---|---|---|
| Dewey Decimal Classification | Main TEST | RTC Library | RTC Library | Main opac | 11/10/2022 | 1635 | 1 | 11 | 823.5 DEF | 30002089 | 12/03/2024 | 11/10/2022 | 27/11/2018 | Main |